[Event "Indywidualne Mistrzostwa Polski Juniorow do lat 16 - Dziewczeta"]
[Site "Szklarska Poreba"]
[Date "1899-12-30"]
[Round "3.1"]
[White "Marcinczyk, Monika"]
[Black "Dylag, Emilia"]
[Result "1/2-1/2"]
[WhiteTitle "WCM"]
[BlackTitle "k+"]
[WhiteElo "1928"]
[BlackElo "2071"]

1. e4 c5 2. Nf3 d6 3. d4 cxd4 4. Nxd4 Nf6 5. Nc3 a6 6. Be2 e5 7. Nf3 Be7 8. Bg5
Nbd7 9. a4 O-O 10. O-O h6 11. Be3 Qc7 12. Nd2 Nc5 13. Bxc5 Qxc5 14. Bc4 Bg4 15.
Qe1 Be6 16. Qe2 Rac8 17. Bb3 Bd8 18. Rfd1 Bg4 19. Nf3 Qb4 20. Qd3 Rxc3 21. bxc3
Qxe4 22. Re1 Qxd3 23. cxd3 Ba5 24. Rec1 Rc8 25. c4 Nh5 26. Bd1 Nf4 27. Ra3 Bb4
28. Rb3 a5 29. g3 Ne6 30. Rxb4 axb4 31. Rb1 b3 32. Nd2 Bxd1 33. Rxd1 Nc5 34. Rb1
Nxd3 35. Rxb3 Nc5 36. Rb6 Rc6 37. Rb5 Nxa4 38. Rxb7 Nb6 39. Rb8+ Kh7 40. Rd8 Kg6
41. Kf1 Kf6 42. Ke2 Nxc4 43. Nxc4 Rxc4 44. Rxd6+ Kf5 45. Rd7 Ke6 46. Ra7 g6 47.
h4 h5 48. Kd3 Rd4+ 49. Ke3 Rd7 50. Ra4 Rb7 51. Ra3 Kf5 52. Kf3 f6 53. Rc3 Rb4
54. Ra3 Rb2 55. Rc3 Rb5 56. Ra3 1/2-1/2

[Event "Indywidualne Mistrzostwa Polski Juniorow do lat 16 - Dziewczeta"]
[Site "Szklarska Poreba"]
[Date "1899-12-30"]
[Round "3.2"]
[White "Vanduyfhuys, Daria"]
[Black "Harazinska, Magdalena"]
[Result "0-1"]
[WhiteTitle "WCM"]
[BlackTitle "WFM"]
[WhiteElo "2059"]
[BlackElo "2011"]

1. d4 Nf6 2. c4 e6 3. Nf3 d5 4. Nc3 c6 5. Bg5 dxc4 6. e4 b5 7. e5 h6 8. Bh4 g5
9. Nxg5 hxg5 10. Bxg5 Be7 11. Bxf6 Bxf6 12. exf6 Qxf6 13. g3 Na6 14. Bg2 Bb7 15.
Nxb5 O-O-O 16. Na3 Rxd4 17. Qf3 Qe5+ 18. Qe2 Qa5+ 19. Kf1 c3 20. Qe3 cxb2 21.
Qxd4 bxa1=Q+ 22. Qxa1 Rd8 23. Qc1 Nc5 24. Nb1 Qxa2 25. Nc3 Qc4+ 26. Ne2 Qb3 27.
Nc3 Rd3 28. Na2 Rd1+ 29. Ke2 Qd3# 0-1

[Event "Indywidualne Mistrzostwa Polski Juniorow do lat 16 - Dziewczeta"]
[Site "Szklarska Poreba"]
[Date "1899-12-30"]
[Round "3.3"]
[White "Furtak, Joanna"]
[Black "Waszczuk, Patrycja"]
[Result "0-1"]
[WhiteTitle "k"]
[BlackTitle "k++"]
[WhiteElo "1803"]
[BlackElo "2034"]

1. e4 c5 2. Nf3 d6 3. d4 cxd4 4. Nxd4 Nf6 5. Nc3 a6 6. g3 e5 7. Nde2 Be7 8. Bg2
Be6 9. O-O Nbd7 10. a4 O-O 11. h3 Re8 12. Be3 Rc8 13. a5 Bc4 14. Re1 Nc5 15. g4
h6 16. Ng3 Be6 17. Qd2 Qc7 18. Kh1 Bf8 19. Rg1 Nh7 20. Bf3 Qd8 21. Nf5 g6 22.
Rg3 Kh8 23. Rag1 Ng5 24. Bg2 Nh7 25. Bf1 Nf6 26. f3 d5 27. exd5 Nxd5 28. Nxd5
Qxd5 29. Bxh6 Qxd2 30. Bxd2 gxf5 31. gxf5 Bxf5 32. Rg8+ Kh7 33. R8g5 Bg6 34. R5g4
Be7 35. Bc3 Bf6 36. h4 Bxc2 37. R4g2 Bd3 38. f4 Be4 39. b4 Nd7 40. fxe5 Rxc3 0-1

[Event "Indywidualne Mistrzostwa Polski Juniorow do lat 16 - Dziewczeta"]
[Site "Szklarska Poreba"]
[Date "1899-12-30"]
[Round "3.4"]
[White "Czarniecka, Aleksandra"]
[Black "Adamczyk, Zuzanna"]
[Result "1/2-1/2"]
[WhiteTitle "k"]
[BlackTitle "I++"]
[WhiteElo "2023"]
[BlackElo "1850"]

1. e4 c5 2. Nf3 e6 3. d4 cxd4 4. Nxd4 Nc6 5. Nc3 Qc7 6. Be3 a6 7. a3 Nf6 8. f4
d6 9. Qf3 Be7 10. O-O-O Nxd4 11. Bxd4 Bd7 12. Qg3 Rg8 13. e5 Nh5 14. Qf2 g6 15.
g4 Bc6 16. Rg1 Ng7 17. Bg2 d5 18. Bh3 Qd7 19. f5 Bg5+ 20. Kb1 Kd8 21. Bb6+ Kc8
22. Ne4 Bd8 23. Bxd8 Rxd8 24. fxg6 fxg6 25. Nc5 Qe7 26. Rgf1 Bb5 27. Nd3 Kc7 28.
Qf6 Rd7 29. Rf2 Bxd3 30. Rxd3 Rad8 31. Bf1 Ne8 32. Rc3+ Kb8 33. Qxe7 Rxe7 34.
Rf8 Red7 35. Rcf3 Kc7 36. Rc3+ Kb8 37. Rh3 Re7 38. Rh8 Rdd7 39. b4 Ka7 40. b5
Nc7 41. bxa6 bxa6 42. Rb3 Re8 43. Rxe8 Nxe8 44. Rf3 Nc7 45. Rf6 Re7 46. h4 Nb5
47. Bxb5 axb5 48. Kb2 Kb6 49. Kc3 Kc5 50. Rf8 d4+ 51. Kd3 Kd5 52. Rd8+ Kxe5 1/2-1/2

[Event "Indywidualne Mistrzostwa Polski Juniorow do lat 16 - Dziewczeta"]
[Site "Szklarska Poreba"]
[Date "1899-12-30"]
[Round "3.5"]
[White "Trzaskowska, Hanna"]
[Black "Malicka, Maria"]
[Result "0-1"]
[WhiteTitle "I"]
[BlackTitle "WCM"]
[WhiteElo "1607"]
[BlackElo "2199"]

1. e4 e5 2. Nf3 Nc6 3. Nc3 Nf6 4. d4 exd4 5. Nxd4 Bc5 6. Nxc6 bxc6 7. Bc4 O-O 8.
O-O Re8 9. Bg5 d6 10. Qd3 Qe7 11. Na4 Bb6 12. Nxb6 axb6 13. Qc3 Nxe4 14. Bxe7
Nxc3 15. Bg5 Ne4 16. Be3 Be6 17. Bd3 Nf6 18. a3 c5 19. Bb5 Bd7 20. Bd3 Ng4 21.
Bd2 Ne5 22. f4 Nxd3 23. cxd3 Bb5 24. Rf3 Re2 25. Bc3 Rae8 26. d4 cxd4 27. Bxd4
c5 28. Bc3 d5 29. Rf2 d4 30. Be1 0-1

[Event "Indywidualne Mistrzostwa Polski Juniorow do lat 16 - Dziewczeta"]
[Site "Szklarska Poreba"]
[Date "1899-12-30"]
[Round "3.6"]
[White "Jarocka, Liwia"]
[Black "Zablocka, Marta"]
[Result "1-0"]
[WhiteTitle "FM"]
[BlackTitle "I"]
[WhiteElo "2106"]
[BlackElo "1211"]

1. e4 e5 2. Bc4 Bc5 3. Nf3 Nc6 4. c3 Nf6 5. d4 exd4 6. e5 Ng4 7. cxd4 Bb4+ 8. Nc3
d5 9. Bb5 Bd7 10. Qb3 a6 11. Bxc6 Bxc3+ 12. bxc3 Bxc6 13. O-O Nh6 14. Qc2 Ng8
15. Re1 Bd7 16. Bg5 Ne7 17. c4 Be6 18. Rad1 c6 19. Nd2 h6 20. Bxe7 Qxe7 21. c5
h5 22. Rb1 g5 23. Rb6 g4 24. Nb3 a5 25. a4 h4 26. Qc3 O-O 27. Nxa5 Rfb8 28. Reb1
Bc8 29. Nxc6 bxc6 30. Rxb8 Rxb8 31. Rxb8 Qc7 32. Rb6 Bd7 33. a5 Kg7 34. a6 Bc8
35. Qa1 Qa7 36. Rxc6 Bb7 37. Rb6 Bc8 38. Qc1 Qe7 39. Qh6+ Kg8 40. Rb8 Qc7 41.
Qb6 1-0

[Event "Indywidualne Mistrzostwa Polski Juniorow do lat 16 - Dziewczeta"]
[Site "Szklarska Poreba"]
[Date "1899-12-30"]
[Round "3.7"]
[White "Mirowska, Oliwia"]
[Black "Roszkiewicz, Anna"]
[Result "1/2-1/2"]
[WhiteTitle "I++"]
[BlackTitle "I++"]
[WhiteElo "1762"]
[BlackElo "1745"]

1. d3 d5 2. f4 Nf6 3. Nf3 c6 4. g3 Qb6 5. e3 Bg4 6. Bg2 Bxf3 7. Qxf3 Nbd7 8. O-O
e6 9. Kh1 Bd6 10. e4 dxe4 11. dxe4 e5 12. f5 O-O-O 13. Nd2 Nc5 14. a3 h5 15. h3
Qa6 16. b4 Ncd7 17. Qb3 Rhf8 18. c4 c5 19. b5 Qa5 20. Nb1 Nb8 21. Bd2 Qc7 22.
Nc3 Be7 23. Nd5 Nxd5 24. exd5 Bf6 25. Rae1 Nd7 26. a4 b6 27. Qf3 Qd6 28. a5 bxa5
29. Bxa5 Nb6 30. Bxb6 axb6 31. Qe4 Kc7 32. Ra1 Ra8 33. Bf3 h4 34. g4 Bg5 35. Bg2
f6 36. Ra6 Rxa6 37. bxa6 Bd2 38. Qb1 1/2-1/2

[Event "Indywidualne Mistrzostwa Polski Juniorow do lat 16 - Dziewczeta"]
[Site "Szklarska Poreba"]
[Date "1899-12-30"]
[Round "3.8"]
[White "Czarnecka, Lidia"]
[Black "Zarebska, Lena"]
[Result "1/2-1/2"]
[WhiteTitle "I++"]
[BlackTitle "I++"]
[WhiteElo "1700"]
[BlackElo "1783"]

1. e4 c5 2. Nf3 Nc6 3. d4 cxd4 4. Nxd4 Nf6 5. Nc3 e5 6. Ndb5 d6 7. Bg5 a6 8. Na3
b5 9. Nd5 Be7 10. Bxf6 Bxf6 11. c4 b4 12. Nc2 O-O 13. Ndxb4 Nxb4 14. Nxb4 Qb6
15. Nd5 Qxb2 16. Be2 Bd8 17. O-O Be6 18. Qd3 Qb7 19. Rab1 Qa7 20. Qa3 Bxd5 21.
cxd5 Be7 22. Bg4 g6 23. Qd3 Rab8 24. h3 a5 25. a3 Bg5 26. g3 Rbe8 27. Rb2 Re7
28. Re1 h5 29. Bf3 f5 30. Ree2 h4 31. g4 Rc7 32. Rec2 Rcf7 33. Kg2 Kh8 34. a4
Bd8 35. exf5 gxf5 36. gxf5 Rxf5 37. Bg4 R5f6 38. f3 Qg7 39. Kh1 Rf4 40. Ra2 Bb6
41. Rc1 Rd4 42. Qb5 Qg5 43. Rac2 Bc5 44. Qxa5 Qe3 45. Qe1 Qxe1+ 46. Rxe1 Rxa4
47. Rd1 Rfa8 48. Kg2 Ra2 49. Bf5 Be3 50. Re1 Bd4 51. Rec1 Be3 52. Re1 Rg8+ 53.
Kf1 Rxc2 54. Bxc2 Bc5 55. Bf5 Rg1+ 1/2-1/2

[Event "Indywidualne Mistrzostwa Polski Juniorow do lat 16 - Dziewczeta"]
[Site "Szklarska Poreba"]
[Date "1899-12-30"]
[Round "3.9"]
[White "Sloniewska, Alicja"]
[Black "Zniszczol, Wiktoria"]
[Result "0-1"]
[WhiteTitle "I"]
[BlackTitle "I+"]
[WhiteElo "1530"]
[BlackElo "1642"]

1. d4 Nf6 2. c4 c5 3. d5 b5 4. cxb5 a6 5. b6 g6 6. Nc3 Qxb6 7. Nf3 Bg7 8. e4 d6
9. Be2 O-O 10. O-O Nbd7 11. Nd2 Ne8 12. Nc4 Qb8 13. Qc2 Nb6 14. Ne3 Nc7 15. a4
a5 16. b3 Na6 17. Bb2 Nb4 18. Qd2 Bb7 19. Rfe1 Nd7 20. Nc4 Qd8 21. Bg4 Ne5 22.
Nxe5 Bxe5 23. Rad1 Ba6 24. Be2 Bxe2 25. Rxe2 Qd7 26. Nb5 Bxb2 27. Qxb2 Rab8 28.
Qc3 Rfc8 29. Na3 Qb7 30. Nc4 Ra8 31. h3 Rcb8 32. f4 Rd8 33. Red2 Ra6 34. Ne3 Rb6
35. Ng4 f6 36. Ne3 Na6 37. Rb2 Rb4 38. Nc4 Qc7 39. Re1 Nb8 40. Qf3 Nd7 41. Qc3
Nb6 42. Na3 c4 43. Nc2 Rxb3 44. Rxb3 Qc5+ 45. Kh1 Nxa4 46. Qg3 cxb3 47. Qxb3 Nb6
48. Rb1 Rc8 49. Ne3 Na4 50. Ng4 Nc3 51. Rc1 Qb4 52. Qc2 Rc5 53. Qd3 Nxe4 54. Rb1
Qc4 55. Rb8+ Kg7 56. Qf3 Nd2 57. Qf2 Qc1+ 58. Kh2 Nf1+ 59. Kg1 Ng3+ 60. Kh2 Rc3
0-1

[Event "Indywidualne Mistrzostwa Polski Juniorow do lat 16 - Dziewczeta"]
[Site "Szklarska Poreba"]
[Date "1899-12-30"]
[Round "3.10"]
[White "Libura, Julianna"]
[Black "Kudlak, Julia"]
[Result "0-1"]
[WhiteTitle "I"]
[BlackTitle "I"]
[WhiteElo "1639"]
[BlackElo "1515"]

1. e4 c5 2. Nf3 Nc6 3. d4 cxd4 4. Nxd4 g6 5. Nc3 Bg7 6. Be3 Nf6 7. Bc4 Qa5 8. O-O
O-O 9. Bb3 d6 10. h3 Bd7 11. Kh1 Nxd4 12. Bxd4 Bc6 13. Nd5 Nxd5 14. Bxg7 Kxg7
15. exd5 Bd7 16. Qd4+ Kg8 17. Rfe1 Rae8 18. Re4 Bf5 19. Re3 a6 20. Rae1 Qc7 21.
Qh4 f6 22. Qd4 Rf7 23. Rc3 Qd8 24. g4 Bc8 25. f4 Qd7 26. Qb6 Kf8 27. Rc7 Qb5 28.
Qxb5 axb5 29. Re6 h5 30. Kg2 Bxe6 31. dxe6 Rh7 32. Rxb7 hxg4 33. hxg4 f5 34. Rxb5
fxg4 35. Rg5 Kg7 36. f5 Kf6 37. Rxg4 gxf5 38. Rg3 f4 39. Rf3 Rg8+ 40. Kf2 Rh2+
41. Kf1 Ke5 42. a4 Ke4 43. Rd3 Rg5 44. Bc4 Rxc2 0-1

[Event "Indywidualne Mistrzostwa Polski Juniorow do lat 16 - Dziewczeta"]
[Site "Szklarska Poreba"]
[Date "1899-12-30"]
[Round "3.11"]
[White "Bienko, Jagoda"]
[Black "Budkiewicz, Magdalena"]
[Result "0-1"]
[WhiteTitle "I"]
[BlackTitle "I++"]
[WhiteElo "1451"]
[BlackElo "1619"]

1. d4 Nf6 2. c4 g6 3. Nc3 Bg7 4. e4 d6 5. f4 O-O 6. Nf3 a5 7. Be2 Na6 8. O-O Nd7
9. Be3 e5 10. fxe5 dxe5 11. d5 Ndc5 12. Ne1 f5 13. exf5 gxf5 14. Nd3 Qe7 15. Qd2
f4 16. Bf2 Bf5 17. Rae1 f3 18. Bxc5 Nxc5 19. gxf3 Bh3 20. Rf2 e4 21. Qe3 Bd4 22.
Qxd4 exd3 23. Bf1 Qxe1 24. Qxc5 Rf6 25. Ne4 Rg6+ 26. Ng3 d2 27. Qd4 d1=Q 28. Qh4
Qxf1+ 29. Rxf1 Qxf1# 0-1

[Event "Indywidualne Mistrzostwa Polski Juniorow do lat 16 - Dziewczeta"]
[Site "Szklarska Poreba"]
[Date "1899-12-30"]
[Round "3.12"]
[White "Hryn, Aleksandra"]
[Black "Tomczak, Marta"]
[Result "1/2-1/2"]
[WhiteTitle "I+"]
[BlackTitle "I"]
[WhiteElo "1615"]
[BlackElo "1510"]

1. e4 c5 2. Nf3 Nc6 3. d4 cxd4 4. Nxd4 Nf6 5. Nc3 d6 6. Bc4 e6 7. Be3 a6 8. Qe2
Nxd4 9. Bxd4 b5 10. Bd3 e5 11. Be3 Bb7 12. a3 Be7 13. O-O O-O 14. f3 Qc7 15. Rad1
Rfd8 16. Qf2 Qc8 17. Kh1 d5 18. exd5 Nxd5 19. Nxd5 Rxd5 20. c3 Qd7 21. Qc2 h6
22. c4 bxc4 23. Bxc4 Qc7 24. Qb3 Rxd1 25. Bxf7+ Kh8 26. Rxd1 Bf6 27. Rc1 Qd7 28.
Be6 Qe7 29. Bc5 Qc7 30. Qb6 Qxb6 31. Bxb6 e4 32. fxe4 Bxb2 33. Rb1 Bxa3 34. Bf5
Bc6 35. Ra1 Bb2 36. Rb1 Be5 37. Rc1 Bb7 38. Ba5 Re8 39. Rc4 Bf6 40. Rb4 Bc6 41.
Rc4 Rb8 42. g3 Ba8 43. Kg1 Rb1+ 44. Kg2 Rb8 45. Kf3 Bb7 46. Kg4 1/2-1/2

[Event "Indywidualne Mistrzostwa Polski Juniorow do lat 16 - Dziewczeta"]
[Site "Szklarska Poreba"]
[Date "1899-12-30"]
[Round "3.13"]
[White "Kaznowska, Weronika"]
[Black "Dadello, Barbara"]
[Result "1-0"]
[WhiteTitle "I"]
[BlackTitle "I"]
[WhiteElo "1396"]
[BlackElo "1615"]

1. d4 d5 2. c4 e6 3. Nc3 Nf6 4. Nf3 Be7 5. Bf4 b6 6. Qc2 Bb7 7. cxd5 Nxd5 8. Nxd5
Bxd5 9. e4 Bc6 10. a3 Bd6 11. Be3 O-O 12. Bd3 h6 13. h4 Bb7 14. Ke2 Nd7 15. e5
Be7 16. Rag1 c5 17. Rh3 cxd4 18. Bxh6 gxh6 19. Qd2 f5 20. Qxh6 Nf6 21. Rg3+ Ng4
22. Rxg4+ fxg4 23. Qh7# 1-0

[Event "Indywidualne Mistrzostwa Polski Juniorow do lat 16 - Dziewczeta"]
[Site "Szklarska Poreba"]
[Date "1899-12-30"]
[Round "3.14"]
[White "Bednarska, Julita"]
[Black "Pawlak, Emilia"]
[Result "0-1"]
[WhiteTitle "I"]
[BlackTitle "I"]
[WhiteElo "1356"]
[BlackElo "1595"]

1. e4 c5 2. Nf3 d6 3. d4 cxd4 4. Nxd4 Nf6 5. Nc3 a6 6. Be2 e5 7. Nb3 Be7 8. O-O
O-O 9. Kh1 b5 10. a3 Bb7 11. Qd3 Nbd7 12. f4 Rc8 13. Bf3 Nb6 14. Qe2 Nc4 15. Nd2
Nb6 16. Nb3 Qc7 17. Qf2 Na4 18. fxe5 dxe5 19. Nxa4 bxa4 20. Nd2 Qxc2 21. Qe1 Rfd8
22. Rf2 Bc5 23. Re2 a5 24. g3 Ba6 25. Rg2 Bd4 26. Nf1 Qc6 27. Bg5 Bb6 28. Bxf6
Qxf6 29. Be2 Bb7 30. Bb5 Rd4 31. Nd2 Rc2 32. Ra2 Qe6 33. Qd1 Rcxd2 34. Rxd2 Rxd2
35. Qxd2 Bxe4+ 0-1

[Event "Indywidualne Mistrzostwa Polski Juniorow do lat 16 - Dziewczeta"]
[Site "Szklarska Poreba"]
[Date "1899-12-30"]
[Round "3.15"]
[White "Sawa, Daria"]
[Black "Chomicka, Kinga"]
[Result "0-1"]
[WhiteTitle "I"]
[BlackTitle "I"]
[WhiteElo "1589"]
[BlackElo "1434"]

1. e4 e5 2. Nf3 Nc6 3. Bc4 Bc5 4. c3 Nf6 5. d4 exd4 6. cxd4 Bb4+ 7. Bd2 Bxd2+ 8.
Nbxd2 d5 9. exd5 Nxd5 10. O-O O-O 11. Ne5 Nxe5 12. dxe5 Nf4 13. Qc2 Bh3 14. g3
Bxf1 15. Rxf1 Ng6 16. f4 Qd4+ 17. Kg2 Rad8 18. Nf3 Qb6 19. f5 Ne7 20. Re1 Nd5
21. Qe4 Qc6 22. Qg4 Kh8 23. Bb3 Qc5 24. Qe4 c6 25. Nd4 Nf6 26. exf6 Qxd4 27. fxg7+
Kxg7 28. Qf3 Qxb2+ 29. Re2 Rd2 30. f6+ Kh8 31. Rxd2 Qxd2+ 32. Kh3 Qg5 33. Kg2
Qg6 34. Qc3 Re8 35. Kf2 Qf5+ 36. Qf3 Qxf3+ 37. Kxf3 Kg8 38. g4 b5 39. h4 a5 40.
a4 Re1 41. axb5 cxb5 42. g5 a4 43. Bd5 b4 44. h5 Kf8 0-1

[Event "Indywidualne Mistrzostwa Polski Juniorow do lat 16 - Dziewczeta"]
[Site "Szklarska Poreba"]
[Date "1899-12-30"]
[Round "3.16"]
[White "Kroliczek, Gabriela"]
[Black "Zygmunt, Patrycja"]
[Result "1-0"]
[WhiteTitle "I++"]
[BlackTitle "I"]
[WhiteElo "1588"]
[BlackElo "1338"]

1. e4 e5 2. Nf3 Nc6 3. Bc4 Bc5 4. O-O Nf6 5. d3 d6 6. c3 Bg4 7. Nbd2 O-O 8. h3
Be6 9. Bb3 Ne7 10. d4 exd4 11. cxd4 Bb6 12. Re1 d5 13. e5 Nd7 14. Nf1 c5 15. Bg5
c4 16. Bc2 h6 17. Bh4 Qe8 18. g4 Ng6 19. Bg3 Ba5 20. Re3 b5 21. Bh2 f6 22. Qb1
Ne7 23. exf6 Rxf6 24. g5 hxg5 25. Nxg5 Bf5 26. Bxf5 Rxf5 27. h4 Nf6 28. Rxe7 Rxg5+
29. hxg5 Qxe7 30. gxf6 Qxf6 31. Be5 Qg5+ 32. Ng3 Rf8 33. Qc2 b4 34. Kg2 Qg4 35.
Rh1 Kf7 36. Qf5+ 1-0

[Event "Indywidualne Mistrzostwa Polski Juniorow do lat 16 - Dziewczeta"]
[Site "Szklarska Poreba"]
[Date "1899-12-30"]
[Round "3.17"]
[White "Pisarek, Elzbieta"]
[Black "Kot, Ewelina"]
[Result "1-0"]
[WhiteTitle "I"]
[BlackTitle "II+"]
[WhiteElo "1567"]
[BlackElo "1201"]

1. e4 e6 2. d4 d5 3. Nc3 Nf6 4. e5 Nfd7 5. f4 c5 6. Nf3 Nb6 7. Be3 N8d7 8. Qd2
cxd4 9. Nxd4 Bc5 10. Ndb5 O-O 11. Bxc5 Nxc5 12. Qd4 Ncd7 13. O-O-O f6 14. h4 fxe5
15. fxe5 Rf5 16. Re1 Nb8 17. Qg4 Nc6 18. Qg3 Nd7 19. Bd3 Rxe5 20. Nd6 Rxe1+ 21.
Rxe1 Nde5 22. Nxc8 Nxd3+ 23. Qxd3 Qxc8 24. Qg3 Qd7 25. Qg4 Re8 26. Na4 b6 27.
Nc3 Nd8 28. Ne2 Qf7 29. Nd4 Qf2 30. Rd1 Qe3+ 31. Kb1 a6 32. h5 Qh6 33. Nf3 Qf6
34. Ng5 h6 35. Nf3 Rf8 36. Qb4 Qf5 37. Qxb6 Qxh5 38. Qxa6 e5 39. Qe2 e4 40. Nd4
Qxe2 41. Nxe2 Rf2 42. Nc3 Rxg2 43. Nxd5 Ne6 44. a4 Nc5 45. a5 Rf2 46. b4 Na4 47.
Rd4 Re2 48. a6 Rf2 49. a7 Rf8 50. Rxe4 Rd8 51. Ka2 Ra8 52. Re7 Kf8 53. Rb7 1-0

[Event "Indywidualne Mistrzostwa Polski Juniorow do lat 16 - Dziewczeta"]
[Site "Szklarska Poreba"]
[Date "1899-12-30"]
[Round "3.18"]
[White "Laszczuk, Zuzanna"]
[Black "Wysocka, Edyta"]
[Result "1-0"]
[WhiteTitle "I"]
[BlackTitle "I"]
[WhiteElo "1277"]
[BlackElo "1393"]

1. e4 e5 2. Nf3 Nc6 3. g3 g6 4. Bg2 Bg7 5. O-O Nf6 6. d3 O-O 7. Nbd2 Re8 8. Nh4
Nh5 9. Nc4 d6 10. f4 exf4 11. g4 Qxh4 12. gxh5 Bg4 13. Rxf4 Qxh2+ 14. Kxh2 Bxd1
15. hxg6 fxg6 16. Ne3 Bh5 17. Nd5 Rac8 18. Bh3 Be5 19. Nf6+ Kg7 20. Bxc8 Rxc8
21. Nxh5+ gxh5 22. c3 Rf8 23. Kg3 Ne7 24. d4 Bxf4+ 25. Bxf4 Ng6 26. Rf1 h4+ 27.
Kg4 h3 28. Bh6+ Kxh6 29. Rxf8 Nxf8 30. Kxh3 Kg5 31. Kg3 Ne6 32. a4 a5 33. b3 h5
34. d5 Nc5 35. b4 axb4 36. cxb4 Nxe4+ 37. Kh3 Nc3 38. a5 Nxd5 39. b5 Nf4+ 40.
Kh2 d5 41. a6 bxa6 42. bxa6 d4 43. a7 d3 44. a8=Q c5 45. Qa5 Kg4 46. Qxc5 Kf3
47. Qd4 h4 48. Kh1 h3 49. Kh2 Kg4 50. Qe3 Kf5 51. Kg3 Ng6 52. Qxd3+ Kf6 53. Qf3+
Kg7 54. Kxh3 Kh7 55. Qf5 Kg7 56. Kg4 Kh8 57. Qf6+ Kh7 58. Kg5 Nf8 59. Qf7+ Kh8
60. Kh6 1-0

[Event "Indywidualne Mistrzostwa Polski Juniorow do lat 16 - Dziewczeta"]
[Site "Szklarska Poreba"]
[Date "1899-12-30"]
[Round "3.19"]
[White "Wolagiewicz, Kinga"]
[Black "Tarka, Aleksandra"]
[Result "1/2-1/2"]
[WhiteTitle "I"]
[BlackTitle "I++"]
[WhiteElo "1643"]
[BlackElo "1656"]

1. e4 c5 2. Nf3 Nc6 3. d4 cxd4 4. Nxd4 Nf6 5. Nc3 e5 6. Ndb5 d6 7. a4 a6 8. Na3
Be6 9. Bg5 Rc8 10. Bxf6 Qxf6 11. Nd5 Bxd5 12. Qxd5 Qg6 13. c3 Be7 14. g3 O-O 15.
Bh3 Rc7 16. O-O Qh5 17. Bg2 Nd8 18. Rad1 Ne6 19. Nc2 Qe2 20. Rd2 Qc4 21. Nb4 Rd8
22. Rfd1 Qc5 23. Qa2 Bf8 24. Nd3 Qc4 25. Qa1 Rcc8 26. a5 Be7 27. Nb4 Bf8 28. Nd5
Rc6 29. Qb1 Qb3 30. Nb4 Rc5 31. Qa1 Nc7 32. Nd3 Rb5 33. Bf1 Qe6 34. b4 b6 35.
Nc1 bxa5 36. Bxb5 Nxb5 37. bxa5 Qc4 38. Re1 g6 39. Rc2 Nd4 40. cxd4 Qxc2 41. Qa2
Qc3 42. Rd1 Rb8 43. dxe5 Rb2 44. Qa1 Qc2 45. Nd3 Ra2 46. Qb1 Qxb1 47. Rxb1 dxe5
48. Nxe5 Rxa5 49. Nd7 1/2-1/2

[Event "Indywidualne Mistrzostwa Polski Juniorow do lat 16 - Dziewczeta"]
[Site "Szklarska Poreba"]
[Date "1899-12-30"]
[Round "3.20"]
[White "Zalucka, Emilia"]
[Black "Mytnik, Kinga"]
[Result "0-1"]
[WhiteTitle "I"]
[BlackTitle "I"]
[WhiteElo "1432"]
[BlackElo "1570"]

1. e4 d6 2. d4 Nf6 3. Nc3 Nbd7 4. f4 e5 5. Nf3 exd4 6. Qxd4 c6 7. Bd2 Qb6 8. Qxb6
Nxb6 9. O-O-O Bg4 10. h3 Bxf3 11. gxf3 O-O-O 12. Be3 Nh5 13. h4 Be7 14. Rg1 g6
15. Bd4 Rhg8 16. Bh3+ Kb8 17. Rg4 Nf6 18. Rgg1 Nh5 19. Rg4 Ka8 20. b3 Nf6 21.
Rgg1 Nfd7 22. Bf2 Bf6 23. Ne2 c5 24. Rxd6 Be7 25. Rd2 Nb8 26. Rgd1 Rxd2 27. Rxd2
Nc6 28. c3 h6 29. Bd7 Nb8 30. Bb5 f6 31. Kc2 g5 32. Ng3 gxf4 33. Nf5 Bf8 34. a4
a6 35. Bf1 Nc6 36. Nd6 Ne5 37. Nc4 Nbxc4 38. bxc4 Be7 39. Be2 Rg2 40. Be1 h5 41.
Kc1 Rg1 42. Rd1 Rh1 43. Kc2 Kb8 44. Bd2 Rh2 45. Re1 Ng6 46. Kd1 Bd6 47. Rg1 Nxh4
48. Rg8+ Kc7 49. a5 Rh3 50. Rh8 Rh1+ 51. Kc2 Ng2 52. Rg8 Rh2 53. Rg7+ Kc6 54.
Kd1 Be5 55. Kc1 Ne3 56. Bd3 Rh1+ 57. Kb2 Rd1 58. Bxe3 Rxd3 59. Bg1 Rxc3 60. Rg8
Rxf3+ 61. Kc2 Rc3+ 62. Kd2 Rxc4 0-1

[Event "Indywidualne Mistrzostwa Polski Juniorow do lat 16 - Dziewczeta"]
[Site "Szklarska Poreba"]
[Date "1899-12-30"]
[Round "3.21"]
[White "Szewczyk, Malwina"]
[Black "Wojtas, Julia"]
[Result "0-1"]
[WhiteTitle "I"]
[BlackTitle "I"]
[WhiteElo "1413"]
[BlackElo "1550"]

1. d4 Nf6 2. Nf3 g6 3. e3 c5 4. Bd3 b6 5. Nbd2 Bb7 6. b3 Bg7 7. Bb2 O-O 8. O-O
d6 9. Rc1 Nc6 10. Nc4 Qc7 11. a3 b5 12. Ncd2 a6 13. c4 b4 14. d5 Nd8 15. e4 e5
16. h3 a5 17. Nh2 Nh5 18. g3 Bc8 19. Kg2 Qd7 20. Ng4 bxa3 21. Bxa3 f5 22. exf5
gxf5 23. Nxe5 dxe5 24. Qxh5 Rf6 25. Bxc5 Nf7 26. Rh1 Rh6 27. Qe2 e4 28. Bc2 Be5
29. f3 Rg6 30. Bf2 Qc7 31. fxe4 Bxg3 32. exf5 Bxf2+ 33. fxg6 Qg3+ 34. Kf1 Bxh3+
35. Rxh3 Qg1# 0-1

[Event "Indywidualne Mistrzostwa Polski Juniorow do lat 16 - Dziewczeta"]
[Site "Szklarska Poreba"]
[Date "1899-12-30"]
[Round "3.22"]
[White "Matyjasek, Michalina"]
[Black "Siekanska, Zuzanna"]
[Result "0-1"]
[WhiteTitle "I"]
[BlackTitle "I"]
[WhiteElo "1342"]
[BlackElo "1517"]

1. d4 d5 2. c4 e6 3. Nc3 a6 4. cxd5 exd5 5. a3 Nf6 6. Bg5 Be6 7. e3 Nbd7 8. Bd3
c6 9. Nge2 Qc7 10. Qc2 Bd6 11. Bf4 h6 12. Bxd6 Qxd6 13. f3 c5 14. dxc5 Nxc5 15.
O-O O-O 16. Rad1 Qb6 17. b4 Nxd3 18. Qxd3 Rac8 19. Nd4 Qd6 20. Nce2 Rfe8 21. Nf4
Nd7 22. Rfe1 Ne5 23. Qe2 Nc4 24. Nc2 Qe5 25. Nd3 Qc7 26. Nc5 Re7 27. Qf2 Rce8
28. e4 dxe4 29. Rxe4 Bf5 30. Rxc4 b6 31. Nd4 0-1

[Event "Indywidualne Mistrzostwa Polski Juniorow do lat 16 - Dziewczeta"]
[Site "Szklarska Poreba"]
[Date "1899-12-30"]
[Round "3.23"]
[White "Giefert, Sara"]
[Black "Drob, Julia"]
[Result "1-0"]
[WhiteTitle "I"]
[BlackTitle "I"]
[WhiteElo "1497"]
[BlackElo "1336"]

1. e4 c5 2. Nf3 d6 3. d4 cxd4 4. Nxd4 Nf6 5. Nc3 e6 6. Be3 Be7 7. f3 Nc6 8. Bc4
d5 9. exd5 Nxd5 10. Nxd5 exd5 11. Bb3 O-O 12. Qd2 Bh4+ 13. g3 Bf6 14. O-O-O Re8
15. h4 a5 16. a3 Be6 17. Qf2 a4 18. Ba2 Qb6 19. c3 Qc7 20. g4 Be5 21. Nxe6 fxe6
22. f4 Rf8 23. f5 Na5 24. Bb6 Qc6 25. Bxa5 Rxa5 26. Rhe1 Bxc3 27. bxc3 Qxc3+ 28.
Qc2 Qxa3+ 29. Kb1 Rc5 30. Qd2 Rfc8 31. Rc1 Rc2 32. Rxc2 Rxc2 33. Kxc2 Qxa2+ 34.
Kd1 Qb3+ 35. Qc2 Qf3+ 36. Re2 Qf1+ 37. Kd2 Qf4+ 38. Kc3 Qc4+ 39. Kb2 Qb4+ 40.
Ka2 Qf8 41. fxe6 g6 42. e7 Qe8 43. Qc5 Kg7 44. Qxd5 1-0

[Event "Indywidualne Mistrzostwa Polski Juniorow do lat 16 - Dziewczeta"]
[Site "Szklarska Poreba"]
[Date "1899-12-30"]
[Round "3.24"]
[White "Zygmunt, Magdalena"]
[Black "Szczypawka, Aleksandra"]
[Result "0-1"]
[WhiteTitle "I"]
[BlackTitle "I"]
[WhiteElo "1206"]
[BlackElo "1476"]

1. e4 e6 2. Qe2 c5 3. Nc3 Nc6 4. g3 Nd4 5. Qd3 d5 6. Bg2 Nf6 7. Nce2 Nc6 8. c3
c4 9. Qc2 Ne5 10. Nd4 Nd3+ 11. Ke2 e5 12. Nf5 dxe4 13. Ne3 Bd7 14. Nxc4 Bb5 15.
Qb3 Nxc1+ 16. Rxc1 Qd3+ 17. Ke1 Qxc4 18. Qd1 Qxa2 19. b3 Qa5 20. g4 Bc6 21. g5
Nd7 22. b4 Qc7 23. Qe2 Be7 24. h4 a6 25. Bxe4 Bxe4 26. Qxe4 Qc6 27. Qxc6 bxc6
28. Nf3 f6 29. Ke2 O-O 30. Rcg1 c5 31. bxc5 Nxc5 32. d4 exd4 33. Nxd4 fxg5 34.
hxg5 Ne4 35. f4 Bc5 36. Rg2 Nxc3+ 0-1

[Event "Indywidualne Mistrzostwa Polski Juniorow do lat 16 - Dziewczeta"]
[Site "Szklarska Poreba"]
[Date "1899-12-30"]
[Round "4.1"]
[White "Waszczuk, Patrycja"]
[Black "Harazinska, Magdalena"]
[Result "1-0"]
[WhiteTitle "k++"]
[BlackTitle "WFM"]
[WhiteElo "2034"]
[BlackElo "2011"]

1. e4 c5 2. Nf3 d6 3. d4 cxd4 4. Nxd4 Nf6 5. Nc3 a6 6. Be3 e6 7. f3 b5 8. Qd2 Bb7
9. O-O-O Nbd7 10. g4 Nb6 11. Qf2 Nfd7 12. Nb3 b4 13. Nb1 Qc7 14. Na5 Be7 15. Nxb7
Qxb7 16. h4 Rc8 17. Nd2 a5 18. Bb5 O-O 19. Nb3 Ra8 20. Nd4 Rfc8 21. Kb1 Nc4 22.
Bxc4 Rxc4 23. g5 a4 24. h5 b3 25. cxb3 axb3 26. a3 Ne5 27. Qe2 d5 28. exd5 Bxa3
29. bxa3 Rxa3 30. Bc1 Rc2 31. Bxa3 Rxe2 32. Nxe2 Nc4 33. Bb2 exd5 34. Nc3 f6 35.
Rxd5 Nb6 36. Rd3 fxg5 37. Ne4 g4 38. Rd8+ Kf7 39. Nd6+ 1-0